000 00384pab a2200157 454500
008 180718b2006 xxu||||| |||| 00| 0 eng d
100 _aLayard, Richard
245 _aHappiness and public policy: a challenge to the profession
260 _c2006
300 _ap.C24-33.
362 _aMar
650 _aPublic policy
773 _aEconomic Journal
908 _aN
909 _a74908
999 _c74908
_d74908